Percursos da Joalharia em Portugal (Record no. 6739)
[ view plain ]
| 000 -CABECERA | |
|---|---|
| campo de control de longitud fija | 00755nam a2200205 a 4500 |
| 001 - NÚMERO DE CONTROL | |
| campo de control | BRCA_7058 |
| 005 - FECHA Y HORA DE LA ÚLTIMA TRANSACCIÓN | |
| campo de control | 20190321142936.0 |
| 008 - DATOS DE LONGITUD FIJA--INFORMACIÓN GENERAL | |
| campo de control de longitud fija | 031211s2010----po-ac#####---#000-0#por-# |
| 020 ## - NÚMERO INTERNACIONAL ESTÁNDAR DEL LIBRO | |
| Número Internacional Estándar del Libro | 9789899577688 |
| 041 ## - CÓDIGO DE LENGUA | |
| Código de lengua del texto/banda sonora o título independiente | por |
| 044 ## - CÓDIGO DEL PAÍS DE LA ENTIDAD EDITORA/PRODUCTORA | |
| Código MARC del país | po |
| 050 #4 - SIGNATURA TOPOGRÁFICA DE LA BIBLIOTECA DEL CONGRESO | |
| Número de documento/Ítem | .V37 2010 |
| 100 1# - ENTRADA PRINCIPAL--NOMBRE DE PERSONA | |
| Nombre de persona | Vasconcelos e Sousa, Gonçalo de |
| 9 (RLIN) | 17540 |
| 245 10 - MENCIÓN DE TÍTULO | |
| Título | Percursos da Joalharia em Portugal |
| Resto del título | séculos XVIII a XX |
| Mención de responsabilidad, etc. | Gonçalo de Vasconcelos e Sousa. |
| 260 ## - PUBLICACIÓN, DISTRIBUCIÓN, ETC. | |
| Lugar de publicación, distribución, etc. | Portugal |
| Nombre del editor, distribuidor, etc. | Centro de Investigação em Ciência e Tecnologia das Artes (CITAR) da Universidade Católica Portuguesa |
| Fecha de publicación, distribución, etc. | 2010 |
| 300 ## - DESCRIPCIÓN FÍSICA | |
| Extensión | 379 p. |
| Otras características físicas | il. (algunas a color) |
| Dimensiones | 25 cm. |
| 500 ## - NOTA GENERAL | |
| Nota general | Donación de Gonçalo de Vasconcelos e Sousa |
| 650 14 - PUNTO DE ACCESO ADICIONAL DE MATERIA--TÉRMINO DE MATERIA | |
| Término de materia o nombre geográfico como elemento de entrada | Diseño de joyas |
| Subdivisión cronológica | Siglo XVIII-XX |
| Subdivisión geográfica | Portugal |
| 9 (RLIN) | 17541 |
| 942 ## - ELEMENTOS DE PUNTO DE ACCESO ADICIONAL (KOHA) | |
| Fuente del sistema de clasificación o colocación | Library of Congress Classification |
| Tipo de ítem Koha | Libros |
| Estado de retiro | Estado de pérdida | Estado dañado | No para préstamo | Localización permanente | Ubicación/localización actual | Fecha de adquisición | Total de préstamos | Signatura topográfica completa | Código de barras | Fecha visto por última vez | Precio válido a partir de | Tipo de ítem Koha |
|---|---|---|---|---|---|---|---|---|---|---|---|---|
| El ejemplar forma parte de la colección y puede ser consultado según las políticas vigentes. | Biblioteca del Museo Franz Mayer (Rogerio Casas-Alatriste) | Biblioteca del Museo Franz Mayer (Rogerio Casas-Alatriste) | 03/12/2011 | .V37 2010 | 02689 | 22/03/2019 | 22/03/2019 | Libros |